[Event "AUT Bundesliga 2019-20"]
[Site "Linz"]
[Date "2019.10.10"]
[Round "1.3"]
[White "Miesbauer, Jan"]
[Black "Dobosz, Henryk"]
[Result "1-0"]
[WhiteElo "2390"]
[BlackElo "2409"]
[Annotator "NA"]
[PlyCount "69"]
[EventDate "2019.10.10"]
[EventType "team-tourn"]
[EventCountry "AUT"]
[SourceTitle "playchess.com"]
[Source "ChessBase"]
[SourceQuality "1"]
[TimeControl "40/5400+30:1800+30"]

1. d4 {[%emt 0:00:00]} d5 {[%emt 0:00:01]} 2. c4 {[%emt 0:00:00]} c6 {[%emt 0:00:15]} 3. Nf3 {[%emt 0:00:17]} Nf6 {[%emt 0:01:03]} 4. Qc2 {[%emt 0:00:28]} dxc4 {[%emt 0:03:09]} 5. Qxc4 {[%emt 0:00:26]} Bg4 {[%emt 0:01:09]} 6. Nbd2 {[%emt 0:03:02]} e6 {[%emt 0:00:55]} 7. g3 {[%emt 0:01:05]} Nbd7 {[%emt 0:03:41]} 8. Bg2 {[%emt 0:00:25]} Be7 {[%emt 0:01:09]} 9. O-O {[%emt 0:01:26]} O-O {[%emt 0:00:15]} 10. b3 {[%emt 0:03:23]} Qa5 {[%emt 0:03:04]} 11. h3 {[%emt 0:07:07]} Bh5 {[%emt 0:14:10]} 12. Bb2 {[%emt 0:02:59]} Rac8 {[%emt 0:00:46]} 13. Rfd1 {[%emt 0:15:26]} Rfd8 {[%emt 0:00:44]} 14. a3 {[%emt 0:08:08]} b5 {[%emt 0:06:15]} 15. Qc3 {[%emt 0:02:06]} Qc7 {[%emt 0:15:14]} 16. Rac1 {[%emt 0:02:55]} Bg6 {[%emt 0:10:40]} 17. b4 {[%emt 0:07:04]} a5 {[%emt 0:01:09]} 18. bxa5 {[%emt 0:01:34]} Nd5 {[%emt 0:00:35]} 19. Qb3 {[%emt 0:00:17]} Qxa5 {[%emt 0:00:10]} 20. Ne1 {[%emt 0:04:54]} N7b6 {[%emt 0:04:21]} 21. e4 {[%emt 0:02:55]} Nf6 {[%emt 0:00:23]} 22. Nd3 {[%emt 0:06:58]} Na4 {[%emt 0:01:04]} 23. Nb4 {[%emt 0:02:36]} c5 {[%emt 0:10:26]} 24. dxc5 {[%emt 0:00:59]} Nxb2 {[%emt 0:03:12]} 25. Qxb2 {[%emt 0:00:21]} Bxc5 {[%emt 0:01:05]} 26. Nb3 {[%emt 0:03:24]} Rxd1+ {[%emt 0:03:33]} 27. Rxd1 {[%emt 0:00:06]} Qa8 {[%emt 0:04:06]} 28. Nxc5 {[%emt 0:04:20]} Rxc5 {[%emt 0:00:07]} 29. e5 {[%emt 0:03:33]} Nd5 {[%emt 0:00:55]} 30. Nxd5 {[%emt 0:03:01]} exd5 {[%emt 0:00:12]} 31. Qb4 {[%emt 0:03:49]} Qc6 {[%emt 0:05:41]} 32. Qd4 {[%emt 0:01:19]} Rc1 {[%emt 0:00:48]} 33. Bxd5 {[%emt 0:01:56]} Qc2 {[%emt 0:00:08]} 34. Bxf7+ {[%emt 0:02:39]} Kf8 {[%emt 0:00:50]} 35. Qb4+ {[%emt 0:00:18]} 1-0

[Event "AUT Bundesliga 2019-20"]
[Site "Linz"]
[Date "2019.10.10"]
[Round "1.4"]
[White "Hess, Max"]
[Black "Platzgummer, Fabian"]
[Result "1-0"]
[WhiteElo "2373"]
[BlackElo "2327"]
[Annotator "NA"]
[PlyCount "49"]
[EventDate "2019.10.10"]
[EventType "team-tourn"]
[EventCountry "AUT"]
[SourceTitle "playchess.com"]
[Source "ChessBase"]
[SourceQuality "1"]
[TimeControl "40/5400+30:1800+30"]

1. e4 {[%emt 0:00:00]} c5 {[%emt 0:00:00]} 2. Nf3 {[%emt 0:00:00]} d6 {[%emt 0:01:46]} 3. Bb5+ {[%emt 0:00:00]} Bd7 {[%emt 0:00:20]} 4. Bxd7+ {[%emt 0:00:05]} Qxd7 {[%emt 0:00:08]} 5. c4 {[%emt 0:00:14]} Nf6 {[%emt 0:00:34]} 6. Nc3 {[%emt 0:00:07]} g6 {[%emt 0:00:25]} 7. d4 {[%emt 0:00:16]} cxd4 {[%emt 0:00:20]} 8. Nxd4 {[%emt 0:00:04]} Bg7 {[%emt 0:00:09]} 9. h3 {[%emt 0:00:21]} O-O {[%emt 0:01:44]} 10. O-O {[%emt 0:05:17]} Rc8 {[%emt 0:01:21]} 11. b3 {[%emt 0:00:32]} Nc6 {[%emt 0:00:30]} 12. Be3 {[%emt 0:01:03]} Qd8 {[%emt 0:12:20]} 13. Rc1 {[%emt 0:02:16]} Qa5 {[%emt 0:08:40]} 14. Re1 {[%emt 0:03:08]} a6 {[%emt 0:09:39]} 15. Qd3 {[%emt 0:22:21]} Nb4 {[%emt 0:13:16]} 16. Qe2 {[%emt 0:07:09]} b5 {[%emt 0:19:12]} 17. cxb5 {[%emt 0:06:33]} Rxc3 {[%emt 0:00:41]} 18. Rxc3 {[%emt 0:00:30]} Nxe4 {[%emt 0:00:10]} 19. Rcc1 {[%emt 0:10:10]} Nxa2 {[%emt 0:02:24]} 20. Ra1 {[%emt 0:04:46]} Nec3 {[%emt 0:04:22]} 21. Qf3 {[%emt 0:04:48]} d5 {[%emt 0:02:02]} 22. Nc6 {[%emt 0:05:21]} Qxb5 {[%emt 0:02:25]} 23. Nxe7+ {[%emt 0:02:15]} Kf8 {[%emt 0:01:53]} 24. Nxd5 {[%emt 0:02:48]} Rd8 {[%emt 0:05:06]} 25. Nc7 {[%emt 0:01:20]} 1-0

[Event "AUT Bundesliga 2019-20"]
[Site "Linz"]
[Date "2019.10.10"]
[Round "1.4"]
[White "Anistratov, Dmitriy"]
[Black "Buhmann, Rainer"]
[Result "0-1"]
[WhiteElo "2269"]
[BlackElo "2574"]
[Annotator "ChessBase"]
[PlyCount "94"]
[EventDate "2019.10.10"]
[EventType "team-tourn"]
[EventCountry "AUT"]
[SourceTitle "playchess.com"]
[Source "ChessBase"]
[SourceQuality "1"]
[TimeControl "40/5400+30:1800+30"]

1. Nf3 {[%emt 0:00:00]} Nf6 {[%emt 0:00:00]} 2. g3 {[%emt 0:00:00]} e6 {[%emt 0:01:55]} 3. Bg2 {[%emt 0:00:03]} d5 {[%emt 0:00:34]} 4. O-O {[%emt 0:00:11]} Be7 {[%emt 0:00:04]} 5. d3 {[%emt 0:00:25]} O-O {[%emt 0:02:17]} 6. Nbd2 {[%emt 0:00:47]} c5 {[%emt 0:00:44]} 7. e4 {[%emt 0:00:42]} Nc6 {[%emt 0:00:15]} 8. Re1 {[%emt 0:00:17]} Qc7 {[%emt 0:02:29]} 9. exd5 {[%emt 0:00:53]} exd5 {[%emt 0:04:46]} 10. d4 {[%emt 0:00:23]} Bg4 {[%emt 0:05:36]} 11. dxc5 {[%emt 0:00:41]} Bxc5 {[%emt 0:01:13]} 12. Nb3 {[%emt 0:00:25]} Bb6 {[%emt 0:02:54]} 13. Be3 {[%emt 0:00:38]} Rfe8 {[%emt 0:04:36]} 14. Qd2 {[%emt 0:06:48]} Bxf3 {[%emt 0:16:03]} 15. Bxb6 {[%emt 0:06:59]} Rxe1+ {[%emt 0:25:44]} 16. Rxe1 {[%emt 0:15:47]} axb6 {[%emt 0:01:39]} 17. Bxf3 {[%emt 0:00:18]} Rxa2 {[%emt 0:03:01]} 18. Bxd5 {[%emt 0:19:33]} h6 {[%emt 0:08:50]} 19. c4 {[%emt 0:27:49]} Qd7 {[%emt 0:03:40]} 20. Rd1 {[%emt 0:02:29]} Qe7 {[%emt 0:03:01]} 21. Re1 {[%emt 0:04:58]} Qb4 {[%emt 0:03:37]} 22. Qxb4 {[%emt 0:02:28]} Nxb4 {[%emt 0:00:04]} 23. Bxb7 {[%emt 0:00:18]} Rxb2 {[%emt 0:00:33]} 24. Nd4 {[%emt 0:00:19]} Nd3 {[%emt 0:01:46]} 25. Re2 {[%emt 0:02:03]} Rxe2 {[%emt 0:03:08]} 26. Nxe2 {[%emt 0:00:02]} Kf8 {[%emt 0:00:20]} 27. Nc3 {[%emt 0:01:26]} Ke7 {[%emt 0:02:25]} 28. Na4 {[%emt 0:01:23]} Kd6 {[%emt 0:01:12]} 29. Bg2 {[%emt 0:02:44]} Nd7 {[%emt 0:00:56]} 30. f4 {[%emt 0:01:38]} N3c5 {[%emt 0:00:43]} 31. Nc3 {[%emt 0:00:27]} Nf6 {[%emt 0:00:36]} 32. h3 {[%emt 0:01:34]} Nd3 {[%emt 0:00:08]} 33. Na4 {[%emt 0:00:23]} Kc7 {[%emt 0:00:59]} 34. Bf3 {[%emt 0:00:47]} Ne8 {[%emt 0:00:33]} 35. Bd5 {[%emt 0:00:55]} Nd6 {[%emt 0:00:11]} 36. Kg2 {[%emt 0:00:26]} Nb4 {[%emt 0:00:18]} 37. Kf3 {[%emt 0:00:46]} b5 {[%emt 0:00:36]} 38. Nb2 {[%emt 0:00:28]} Kb6 {[%emt 0:00:52]} 39. f5 {[%emt 0:00:38]} Nxd5 {[%emt 0:00:29]} 40. cxd5 {[%emt 0:00:00]} Kc5 {[%emt 0:00:00]} 41. g4 {[%emt 0:07:51]} Kxd5 {[%emt 0:00:50]} 42. h4 {[%emt 0:00:18]} Kd4 {[%emt 0:01:02]} 43. Kf4 {[%emt 0:00:26]} b4 {[%emt 0:01:32]} 44. g5 {[%emt 0:00:23]} h5 {[%emt 0:01:12]} 45. Na4 {[%emt 0:01:22]} Nc4 {[%emt 0:00:34]} 46. f6 {[%emt 0:00:34]} g6 {[%emt 0:00:06]} 47. Kf3 {[%emt 0:00:08]} b3 {[%emt 0:00:25]} 0-1

[Event "AUT Bundesliga 2019-20"]
[Site "Linz"]
[Date "2019.10.10"]
[Round "1.4"]
[White "Miazhynski, Yuri"]
[Black "Mesaros, Florian"]
[Result "0-1"]
[WhiteElo "2196"]
[BlackElo "2405"]
[Annotator "NA"]
[PlyCount "68"]
[EventDate "2019.10.10"]
[EventType "team-tourn"]
[EventCountry "AUT"]
[SourceTitle "playchess.com"]
[Source "ChessBase"]
[SourceQuality "1"]
[TimeControl "40/5400+30:1800+30"]

1. e4 {[%emt 0:00:00]} c5 {[%emt 0:00:00]} 2. Ne2 {[%emt 0:00:00]} d6 {[%emt 0:00:00]} 3. g3 {[%emt 0:00:14]} Nf6 {[%emt 0:00:58]} 4. Bg2 {[%emt 0:00:06]} g6 {[%emt 0:00:27]} 5. c3 {[%emt 0:01:04]} Bg7 {[%emt 0:01:39]} 6. O-O {[%emt 0:01:46]} O-O {[%emt 0:02:29]} 7. d4 {[%emt 0:00:37]} Nbd7 {[%emt 0:03:26]} 8. h3 {[%emt 0:06:23]} Rb8 {[%emt 0:06:17]} 9. Be3 {[%emt 0:19:21]} b6 {[%emt 0:00:23]} 10. Nd2 {[%emt 0:10:10]} Bb7 {[%emt 0:01:48]} 11. d5 {[%emt 0:11:37]} b5 {[%emt 0:10:26]} 12. b3 {[%emt 0:04:40]} e6 {[%emt 0:08:02]} 13. c4 {[%emt 0:02:30]} bxc4 {[%emt 0:08:16]} 14. Nxc4 {[%emt 0:06:00]} exd5 {[%emt 0:07:22]} 15. exd5 {[%emt 0:01:19]} Nb6 {[%emt 0:03:19]} 16. Nxb6 {[%emt 0:12:10]} axb6 {[%emt 0:01:33]} 17. Rc1 {[%emt 0:07:29]} Qd7 {[%emt 0:09:12]} 18. Nc3 {[%emt 0:05:42]} b5 {[%emt 0:03:32]} 19. Qd2 {[%emt 0:03:46]} b4 {[%emt 0:01:02]} 20. Na4 {[%emt 0:01:38]} Ba6 {[%emt 0:01:15]} 21. Rfd1 {[%emt 0:00:24]} Rfe8 {[%emt 0:00:56]} 22. Qc2 {[%emt 0:00:54]} Bb5 {[%emt 0:03:32]} 23. Nb2 {[%emt 0:00:21]} Ra8 {[%emt 0:00:19]} 24. Nc4 {[%emt 0:00:26]} Bxc4 {[%emt 0:00:25]} 25. bxc4 {[%emt 0:00:13]} Ra6 {[%emt 0:01:57]} 26. Qd2 {[%emt 0:01:29]} Ne4 {[%emt 0:05:30]} 27. Bxe4 {[%emt 0:00:32]} Rxe4 {[%emt 0:00:08]} 28. Kg2 {[%emt 0:00:13]} Ra3 {[%emt 0:01:31]} 29. Rc2 {[%emt 0:00:48]} Qf5 {[%emt 0:02:56]} 30. Rb1 {[%emt 0:00:54]} Rxc4 {[%emt 0:02:21]} 31. Rxc4 {[%emt 0:01:29]} Qxb1 {[%emt 0:00:07]} 32. Rc2 {[%emt 0:00:25]} Rc3 {[%emt 0:01:04]} 33. Rb2 {[%emt 0:00:57]} Qe4+ {[%emt 0:00:13]} 34. Kh2 {[%emt 0:00:22]} Rd3 {[%emt 0:00:14]} 0-1

[Event "AUT Bundesliga 2019-20"]
[Site "Linz"]
[Date "2019.10.10"]
[Round "1.5"]
[White "Maiwald, Jens-Uwe"]
[Black "Ciolek, Andreas"]
[Result "1-0"]
[WhiteElo "2439"]
[BlackElo "2238"]
[Annotator "NA"]
[PlyCount "47"]
[EventDate "2019.10.10"]
[EventType "team-tourn"]
[EventCountry "AUT"]
[SourceTitle "playchess.com"]
[Source "ChessBase"]
[SourceQuality "1"]
[TimeControl "40/5400+30:1800+30"]

1. Nf3 {[%emt 0:00:00]} Nf6 {[%emt 0:00:00]} 2. d4 {[%emt 0:02:09]} g6 {[%emt 0:00:06]} 3. c3 {[%emt 0:00:16]} Bg7 {[%emt 0:00:47]} 4. Bg5 {[%emt 0:00:09]} d6 {[%emt 0:03:03]} 5. Nbd2 {[%emt 0:00:21]} O-O {[%emt 0:02:33]} 6. e4 {[%emt 0:00:09]} h6 {[%emt 0:08:39]} 7. Bh4 {[%emt 0:00:19]} g5 {[%emt 0:02:50]} 8. Bg3 {[%emt 0:01:19]} Nh5 {[%emt 0:00:44]} 9. Nc4 {[%emt 0:07:26]} e6 {[%emt 0:11:06]} 10. Nfd2 {[%emt 0:04:50]} Nxg3 {[%emt 0:02:00]} 11. hxg3 {[%emt 0:00:13]} c5 {[%emt 0:13:33]} 12. dxc5 {[%emt 0:08:06]} dxc5 {[%emt 0:01:02]} 13. Ne3 {[%emt 0:01:42]} f5 {[%emt 0:05:45]} 14. Bc4 {[%emt 0:03:59]} Kh8 {[%emt 0:01:52]} 15. Qh5 {[%emt 0:02:40]} Bd7 {[%emt 0:11:29]} 16. Nf3 {[%emt 0:05:22]} b5 {[%emt 0:15:28]} 17. Bb3 {[%emt 0:13:12]} c4 {[%emt 0:03:37]} 18. Bc2 {[%emt 0:00:38]} Kg8 {[%emt 0:02:41]} 19. exf5 {[%emt 0:05:46]} exf5 {[%emt 0:00:44]} 20. O-O-O {[%emt 0:00:17]} b4 {[%emt 0:02:36]} 21. Nxf5 {[%emt 0:08:29]} Rxf5 {[%emt 0:06:57]} 22. Bxf5 {[%emt 0:00:12]} bxc3 {[%emt 0:00:15]} 23. Be6+ {[%emt 0:03:25]} Kh8 {[%emt 0:01:05]} 24. Qg6 {[%emt 0:00:37]} 1-0

[Event "AUT Bundesliga 2019-20"]
[Site "Linz"]
[Date "2019.10.10"]
[Round "1.5"]
[White "Poetz, Florian"]
[Black "Lampl, Gerald"]
[Result "0-1"]
[WhiteElo "2418"]
[BlackElo "2084"]
[Annotator "NA"]
[PlyCount "64"]
[EventDate "2019.10.10"]
[EventType "team-tourn"]
[EventCountry "AUT"]
[SourceTitle "playchess.com"]
[Source "ChessBase"]
[SourceQuality "1"]
[TimeControl "40/5400+30:1800+30"]

1. e4 {[%emt 0:00:00]} c6 {[%emt 0:00:00]} 2. d4 {[%emt 0:00:00]} d5 {[%emt 0:00:00]} 3. e5 {[%emt 0:00:11]} c5 {[%emt 0:00:00]} 4. dxc5 {[%emt 0:00:27]} Nc6 {[%emt 0:00:00]} 5. Bf4 {[%emt 0:00:46]} e6 {[%emt 0:05:14]} 6. Nf3 {[%emt 0:00:13]} Bxc5 {[%emt 0:02:27]} 7. Bd3 {[%emt 0:00:09]} Qb6 {[%emt 0:14:23]} 8. O-O {[%emt 0:00:21]} Qxb2 {[%emt 0:01:41]} 9. Nbd2 {[%emt 0:00:13]} Qa3 {[%emt 0:04:02]} 10. Nb3 {[%emt 0:14:48]} Bb6 {[%emt 0:07:58]} 11. Qe2 {[%emt 0:02:13]} a6 {[%emt 0:09:27]} 12. c4 {[%emt 0:18:07]} Nge7 {[%emt 0:03:02]} 13. Rac1 {[%emt 0:03:10]} Nb4 {[%emt 0:08:22]} 14. Bb1 {[%emt 0:02:33]} Bd7 {[%emt 0:01:32]} 15. Nfd4 {[%emt 0:13:38]} Ng6 {[%emt 0:13:17]} 16. Bg3 {[%emt 0:03:20]} dxc4 {[%emt 0:03:30]} 17. Rxc4 {[%emt 0:01:44]} O-O {[%emt 0:01:28]} 18. h4 {[%emt 0:13:14]} Bb5 {[%emt 0:05:31]} 19. Nxb5 {[%emt 0:01:28]} axb5 {[%emt 0:00:02]} 20. Rc3 {[%emt 0:04:52]} Nxa2 {[%emt 0:02:19]} 21. Rf3 {[%emt 0:00:07]} b4 {[%emt 0:01:23]} 22. Bxg6 {[%emt 0:10:04]} hxg6 {[%emt 0:02:00]} 23. Ra1 {[%emt 0:00:12]} Rfc8 {[%emt 0:03:01]} 24. Bf4 {[%emt 0:02:52]} Rc3 {[%emt 0:05:00]} 25. Rxc3 {[%emt 0:02:05]} bxc3 {[%emt 0:00:49]} 26. Qb5 {[%emt 0:04:00]} Qa6 {[%emt 0:01:17]} 27. Qd7 {[%emt 0:00:11]} Bxf2+ {[%emt 0:01:46]} 28. Kxf2 {[%emt 0:00:41]} Qb6+ {[%emt 0:00:07]} 29. Be3 {[%emt 0:01:50]} Qxb3 {[%emt 0:00:06]} 30. Rf1 {[%emt 0:00:21]} c2 {[%emt 0:00:29]} 31. Qc7 {[%emt 0:00:49]} Nb4 {[%emt 0:01:57]} 32. Re1 {[%emt 0:00:48]} Nd3+ {[%emt 0:00:24]} 0-1

[Event "AUT Bundesliga 2019-20"]
[Site "Linz"]
[Date "2019.10.10"]
[Round "1.5"]
[White "Halvax, Georg"]
[Black "Gretz, Denis"]
[Result "0-1"]
[WhiteElo "2414"]
[BlackElo "2329"]
[Annotator "NA"]
[PlyCount "80"]
[EventDate "2019.10.10"]
[EventType "team-tourn"]
[EventCountry "AUT"]
[SourceTitle "playchess.com"]
[Source "ChessBase"]
[SourceQuality "1"]
[TimeControl "40/5400+30:1800+30"]

1. d4 {[%emt 0:00:00]} f5 {[%emt 0:00:00]} 2. Bf4 {[%emt 0:00:00]} Nf6 {[%emt 0:00:31]} 3. e3 {[%emt 0:00:00]} d6 {[%emt 0:02:25]} 4. Nd2 {[%emt 0:02:34]} g6 {[%emt 0:00:41]} 5. h4 {[%emt 0:00:10]} h6 {[%emt 0:01:35]} 6. Qf3 {[%emt 0:00:04]} Nc6 {[%emt 0:02:39]} 7. Qg3 {[%emt 0:05:54]} Rg8 {[%emt 0:02:05]} 8. Be2 {[%emt 0:01:46]} e6 {[%emt 0:01:48]} 9. f3 {[%emt 0:14:05]} Nh5 {[%emt 0:07:40]} 10. Qf2 {[%emt 0:00:38]} Nxf4 {[%emt 0:01:02]} 11. exf4 {[%emt 0:00:08]} Qf6 {[%emt 0:01:36]} 12. Nb3 {[%emt 0:01:39]} Bd7 {[%emt 0:03:28]} 13. Bc4 {[%emt 0:05:04]} O-O-O {[%emt 0:01:48]} 14. O-O-O {[%emt 0:01:45]} g5 {[%emt 0:06:47]} 15. hxg5 {[%emt 0:03:50]} hxg5 {[%emt 0:00:13]} 16. d5 {[%emt 0:02:13]} exd5 {[%emt 0:03:54]} 17. Bxd5 {[%emt 0:00:29]} Rg6 {[%emt 0:01:27]} 18. fxg5 {[%emt 0:36:41]} Qxg5+ {[%emt 0:02:45]} 19. f4 {[%emt 0:00:16]} Qg3 {[%emt 0:02:08]} 20. Qd2 {[%emt 0:01:05]} Rh6 {[%emt 0:08:21]} 21. Ne2 {[%emt 0:02:30]} Qf2 {[%emt 0:01:53]} 22. Rhf1 {[%emt 0:01:24]} Qb6 {[%emt 0:02:14]} 23. Nc3 {[%emt 0:02:59]} Bg7 {[%emt 0:06:45]} 24. a3 {[%emt 0:05:26]} Ne7 {[%emt 0:01:18]} 25. Bf3 {[%emt 0:02:06]} Bc6 {[%emt 0:02:10]} 26. Rde1 {[%emt 0:01:25]} Bf6 {[%emt 0:03:46]} 27. Nd5 {[%emt 0:03:56]} Bxd5 {[%emt 0:04:54]} 28. Bxd5 {[%emt 0:00:09]} Qb5 {[%emt 0:02:13]} 29. Be6+ {[%emt 0:02:00]} Kb8 {[%emt 0:00:13]} 30. Rf3 {[%emt 0:00:29]} d5 {[%emt 0:03:20]} 31. g4 {[%emt 0:01:20]} fxg4 {[%emt 0:06:02]} 32. Bxg4 {[%emt 0:00:03]} Nc6 {[%emt 0:02:32]} 33. Rd3 {[%emt 0:01:15]} a5 {[%emt 0:03:13]} 34. Be2 {[%emt 0:00:20]} Qb6 {[%emt 0:02:24]} 35. a4 {[%emt 0:01:15]} Rh2 {[%emt 0:02:46]} 36. Rxd5 {[%emt 0:01:00]} Rxd5 {[%emt 0:01:22]} 37. Qxd5 {[%emt 0:00:08]} Bh4 {[%emt 0:04:14]} 38. Nc5 {[%emt 0:01:54]} Ka7 {[%emt 0:00:16]} 39. Rh1 {[%emt 0:00:05]} Nb4 {[%emt 0:01:46]} 40. Nd7 {[%emt 0:00:00]} Nxd5 {[%emt 0:00:00]} 0-1

[Event "AUT Bundesliga 2019-20"]
[Site "Linz"]
[Date "2019.10.10"]
[Round "1.6"]
[White "Neyman, Igor"]
[Black "Naumann, Alexander"]
[Result "0-1"]
[WhiteElo "2330"]
[BlackElo "2537"]
[Annotator "TA"]
[PlyCount "68"]
[EventDate "2019.10.10"]
[EventType "team-tourn"]
[EventCountry "AUT"]
[SourceTitle "playchess.com"]
[Source "ChessBase"]
[SourceQuality "1"]

{[%evp 21,68,8,16,14,17,10,11,5,25,23,25,23,27,-14,0,-14,0,-55,-41,-71,-71,-90,-28,-143,-135,-136,-144,-165,-152,-272,-280,-278,-231,-219,-235,-347,-353,-331,-347,-493,-474,-479,-486,-639,-639,-635,-632,-627,-621]} 1. d4 Nf6 2. c4 g6 3. Nc3 d5 4. cxd5 Nxd5 5. e4 Nxc3 6. bxc3 Bg7 7. Nf3 c5 8. Be3 Qa5 9. Qd2 O-O 10. Rc1 Rd8 11. d5 e6 12. Bg5 {D85: Exchange Grünfeld: Unusual White 7th moves and lines with 7 Nf3} f6 13. Be3 Nc6 14. Bd3 {The position is equal.} (14. h4 exd5 15. exd5 Bg4 16. Be2 c4 17. Bxc4 Bxf3 18. gxf3 Ne5 19. Be2 Qxd5 20. Qxd5+ Rxd5 {½-½ (40) Akobian,V (2625)-So,W (2762) Saint Louis 2019}) 14... Ne7 (14... b6 {is interesting.} 15. O-O Ba6 16. Be2 Qa4 17. c4 Na5) 15. c4 Qxd2+ 16. Nxd2 b6 17. Ke2 {[#]} f5 $146 ({Predecessor:} 17... Bd7 18. f3 Re8 19. g4 f5 20. Rhg1 {½-½ (20) Tari,A (2571)-Salgado Lopez,I (2651) Izmir 2016}) 18. f3 Re8 19. Kf2 (19. Rb1 $11) 19... Ba6 $15 {...exd5 is the strong threat.} 20. Bc2 {[#]} fxe4 $1 21. fxe4 Rf8+ (21... exd5 $17 22. cxd5 Nxd5 23. exd5 Rxe3 {[%mdl 64] Remove Defender} 24. Kxe3 Bh6+ 25. Ke4 Re8+ 26. Kf3 Bxd2) 22. Nf3 (22. Kg3 $11 {remains equal.}) 22... Bxc4 $17 {[%mdl 64] Double Attack} 23. d6 Nc6 {[%cal Be7c6,Bc6e5,Be5c4][%mdl 32]} 24. Ba4 Ne5 {And now ...Ng4+ would win.} 25. Rxc4 (25. Kg3 $17 {was called for.}) 25... Nxc4 $19 26. d7 Rad8 27. Bg5 Bf6 {Threatens to win with ...Bxg5.} 28. Bxf6 (28. Ke2 $142) 28... Rxf6 29. Ke2 Rf4 30. Ng5 (30. Rc1 {might work better.} Rxe4+ 31. Kd3) 30... h6 {Black is clearly winning.} 31. g3 Rg4 (31... hxg5 $2 32. gxf4 gxf4 33. Kf3 $19) 32. Nxe6 Rxe4+ {[%mdl 64] [#] Double Attack} 33. Kd3 Rxe6 34. Kxc4 Re4+ {Accuracy: White = 48%, Black = 72%.} 0-1

[Event "AUT Bundesliga 2019-20"]
[Site "Linz"]
[Date "2019.10.10"]
[Round "1.6"]
[White "Dittel, Herbert"]
[Black "Freitag, Manfred"]
[Result "0-1"]
[WhiteElo "2023"]
[BlackElo "2361"]
[Annotator "NA"]
[PlyCount "142"]
[EventDate "2019.10.10"]
[EventType "team-tourn"]
[EventCountry "AUT"]
[SourceTitle "playchess.com"]
[Source "ChessBase"]
[SourceQuality "1"]
[TimeControl "40/5400+30:1800+30"]

1. d4 {[%emt 0:00:00]} Nf6 {[%emt 0:00:00]} 2. Nf3 {[%emt 0:00:00]} g6 {[%emt 0:00:47]} 3. c4 {[%emt 0:00:32]} Bg7 {[%emt 0:00:02]} 4. Nc3 {[%emt 0:00:14]} d5 {[%emt 0:00:12]} 5. cxd5 {[%emt 0:01:51]} Nxd5 {[%emt 0:00:37]} 6. e4 {[%emt 0:00:03]} Nxc3 {[%emt 0:00:06]} 7. bxc3 {[%emt 0:00:12]} c5 {[%emt 0:00:02]} 8. Be3 {[%emt 0:00:17]} Qa5 {[%emt 0:00:16]} 9. Qd2 {[%emt 0:02:02]} O-O {[%emt 0:00:23]} 10. Rc1 {[%emt 0:03:29]} Nd7 {[%emt 0:01:07]} 11. Bd3 {[%emt 0:07:42]} b6 {[%emt 0:02:16]} 12. d5 {[%emt 0:04:31]} Ba6 {[%emt 0:00:23]} 13. c4 {[%emt 0:02:02]} Qxd2+ {[%emt 0:00:03]} 14. Bxd2 {[%emt 0:03:39]} e6 {[%emt 0:00:08]} 15. O-O {[%emt 0:01:44]} Rfe8 {[%emt 0:10:27]} 16. Rfe1 {[%emt 0:05:14]} Rad8 {[%emt 0:14:35]} 17. Bf1 {[%emt 0:03:35]} exd5 {[%emt 0:03:08]} 18. exd5 {[%emt 0:01:19]} Nf6 {[%emt 0:00:21]} 19. Bg5 {[%emt 0:01:16]} h6 {[%emt 0:02:04]} 20. Bxf6 {[%emt 0:05:00]} Bxf6 {[%emt 0:00:01]} 21. Rxe8+ {[%emt 0:00:58]} Rxe8 {[%emt 0:00:34]} 22. Re1 {[%emt 0:00:24]} Kf8 {[%emt 0:00:19]} 23. Rxe8+ {[%emt 0:04:55]} Kxe8 {[%emt 0:00:19]} 24. Bd3 {[%emt 0:00:19]} Bc3 {[%emt 0:01:29]} 25. Kf1 {[%emt 0:01:28]} Ke7 {[%emt 0:01:46]} 26. Ke2 {[%emt 0:00:37]} Kd6 {[%emt 0:00:21]} 27. a4 {[%emt 0:07:48]} Bc8 {[%emt 0:01:22]} 28. h3 {[%emt 0:00:59]} Bd7 {[%emt 0:01:50]} 29. Bc2 {[%emt 0:00:30]} a6 {[%emt 0:00:24]} 30. Kd3 {[%emt 0:10:42]} Ba5 {[%emt 0:00:27]} 31. Ke3 {[%emt 0:00:49]} b5 {[%emt 0:00:42]} 32. axb5 {[%emt 0:00:22]} axb5 {[%emt 0:00:01]} 33. Bd3 {[%emt 0:01:31]} bxc4 {[%emt 0:12:57]} 34. Bxc4 {[%emt 0:00:30]} g5 {[%emt 0:01:09]} 35. g4 {[%emt 0:05:17]} f5 {[%emt 0:00:22]} 36. Nh2 {[%emt 0:02:12]} Bc3 {[%emt 0:03:17]} 37. gxf5 {[%emt 0:07:14]} Bxf5 {[%emt 0:01:17]} 38. Ng4 {[%emt 0:01:46]} Bg7 {[%emt 0:02:42]} 39. f4 {[%emt 0:05:52]} h5 {[%emt 0:00:48]} 40. Nh2 {[%emt 0:00:00]} Bh6 {[%emt 0:00:00]} 41. fxg5 {[%emt 0:03:07]} Bxg5+ {[%emt 0:00:34]} 42. Kf2 {[%emt 0:00:44]} Bxh3 {[%emt 0:00:43]} 43. Kg3 {[%emt 0:00:44]} Bf5 {[%emt 0:01:42]} 44. Nf3 {[%emt 0:00:06]} Be3 {[%emt 0:00:42]} 45. Nh2 {[%emt 0:03:32]} Ke5 {[%emt 0:08:59]} 46. Kh4 {[%emt 0:01:30]} Bg6 {[%emt 0:14:24]} 47. Nf3+ {[%emt 0:02:08]} Kf4 {[%emt 0:01:07]} 48. Nh2 {[%emt 0:03:11]} Bd4 {[%emt 0:02:52]} 49. Nf1 {[%emt 0:01:04]} Bf2+ {[%emt 0:02:12]} 50. Kh3 {[%emt 0:00:09]} Bf5+ {[%emt 0:00:24]} 51. Kg2 {[%emt 0:00:39]} Be1 {[%emt 0:00:01]} 52. Kh2 {[%emt 0:06:27]} h4 {[%emt 0:00:44]} 53. Bb5 {[%emt 0:02:06]} Kf3 {[%emt 0:10:03]} 54. Kg1 {[%emt 0:02:18]} Bc3 {[%emt 0:04:10]} 55. d6 {[%emt 0:03:11]} Bd4+ {[%emt 0:00:52]} 56. Kh1 {[%emt 0:00:18]} Bf6 {[%emt 0:15:01]} 57. d7 {[%emt 0:03:41]} Ke4 {[%emt 0:01:07]} 58. Nd2+ {[%emt 0:01:01]} Kd4 {[%emt 0:00:39]} 59. Nb3+ {[%emt 0:01:42]} Kd5 {[%emt 0:01:55]} 60. Na5 {[%emt 0:05:38]} Be4+ {[%emt 0:00:22]} 61. Kh2 {[%emt 0:00:13]} Kd6 {[%emt 0:00:09]} 62. Nb3 {[%emt 0:01:53]} Bd8 {[%emt 0:05:31]} 63. Nxc5 {[%emt 0:02:05]} Kxc5 {[%emt 0:00:08]} 64. Bf1 {[%emt 0:00:02]} Kd4 {[%emt 0:00:57]} 65. Bg2 {[%emt 0:00:02]} Bd3 {[%emt 0:01:06]} 66. Kh1 {[%emt 0:00:22]} Ke3 {[%emt 0:00:10]} 67. Ba8 {[%emt 0:00:09]} Bc7 {[%emt 0:01:10]} 68. Bb7 {[%emt 0:01:11]} Kf2 {[%emt 0:00:18]} 69. Bc6 {[%emt 0:00:25]} Bf1 {[%emt 0:00:44]} 70. d8=Q Bxd8 {[%emt 0:00:17]} 71. Bd7 {[%emt 0:05:34]} Bg2+ {[%emt 0:00:07]} 0-1